| 000 | 00923 a2200277 4500 | ||
|---|---|---|---|
| 003 | OSt | ||
| 005 | 20180116192347.0 | ||
| 008 | 120531t xxu||||| |||| 00| 0 eng d | ||
| 010 | _a 2003284305 | ||
| 020 | _a0880451505 | ||
| 020 | _a9780880451505 | ||
| 035 | _a(OCoLC)ocm51609545 | ||
| 040 | _c0 | ||
| 082 | 0 | 4 | _a745 |
| 100 | 1 |
_aErb, Phoebe Ann. _92912 |
|
| 245 | 1 | 0 |
_aWilliam Morris patterns & designs / _cby Pheobe Ann Erb. |
| 246 | 3 | _aWilliam Morris patterns and designs | |
| 260 |
_aOwings Mills, Md. : _bStemmer House Publishers, _cc2002. |
||
| 300 |
_a40 p. : _bchiefly ill. ; _c28 cm. |
||
| 440 | 4 |
_aThe international design library _92913 |
|
| 500 | _a"A Barbara Holdridge book"--t.p. verso. | ||
| 600 | 1 | 0 |
_aMorris, William, _d1834-1896. _92914 |
| 650 | 1 | 0 |
_aDecoration and ornament _zEngland. _92915 |
| 942 |
_aSADA _cBK _k745 ERB 2002 _2ddc |
||
| 999 |
_c352807 _d352807 |
||